000 00336nam a22001457a 4500
008 210521b ||||| |||| 00| 0 eng d
020 _a9780073256924
041 _aeng
080 _26th
_a82
082 _a82
100 _a4
101 _aSHM
245 _aLiterature Reading Fiction, Poetry and Drama
_cDiYanni,R
942 _2udc
_cBK
999 _c57592
_d57592